|
|
|
|
| LEADER |
00831nam a2200229 a 4500 |
| 001 |
GR-MES3758 |
| 008 |
991111s1992 gr 000 0 gre d |
| 020 |
|
|
|a 9604053485
|
| 040 |
|
|
|a GrPaTEI
|b gre
|c GR-PaULI
|
| 245 |
0 |
0 |
|a Διαφορικές εξισώσεις.
|
| 260 |
|
|
|a Αθήνα :
|b Ιων,
|c 1992
|
| 300 |
|
|
|a 416σελ.
|
| 650 |
|
4 |
|a Διαφορικές εξισώσεις
|
| 650 |
|
4 |
|a ΕΞΙΣΩΣΕΙΣ
|
| 650 |
|
4 |
|a Μαθηματικά
|
| 700 |
1 |
|
|a Βρυζίδη, Λ.
|
| 700 |
1 |
|
|a Γεωργούδη, Γ.
|
| 710 |
0 |
|
|a Ιων
|
| 942 |
|
|
|2 ddc
|
| 952 |
|
|
|0 0
|1 0
|2 ddc
|4 0
|6 515_350000000000000_ΒΡΥ
|7 0
|9 268383
|a MSLG
|b MSLG
|c BSC
|d 2021-01-17
|e 24
|f 0
|g 0.00
|l 0
|o 515.35 ΒΡΥ
|p 2420000008643
|r 2021-01-17 00:00:00
|t 1
|w 2021-01-17
|y BK15
|x 19991111 0 1
|x GrPaTEI
|
| 971 |
|
|
|a .b25748038
|b 15-04-20
|c 13-09-16
|
| 999 |
|
|
|c 154631
|d 154631
|